Quelques caméos du cinéma français... (4) - Statistiques

Statistiques générales
  • Ce quiz a été pris 21 fois
  • Le résultat moyen est 13 sur 29
Statistiques - réponses
Année Film Rôle Lien avec le film % Correct
1963 Le petit soldat Un passant dans une gare Réalisateur Jean-Luc {Godard}
100%
2002 L'auberge espagnole Un professeur égaré Réalisateur Cédric {Klapisch}
78%
1981 Pour la peau d'un flic Une passante qui manque de se faire renverser Aucun Mireille {Darc}
78%
1996 Chacun cherche son chat Un passant qui lit une affiche Réalisateur Cédric {Klapisch}
72%
1975 L'histoire d'Adèle H. Un soldat Réalisateur François {Truffaut}
72%
2017 Ce qui nous lie Vendangeur Réalisateur Cédric {Klapisch}
67%
1968 Ho : Un passant qui manque de se faire renverser Aucun Alain {Delon}
61%
1977 L'homme qui aimait les femmes Un passant Réalisateur François {Truffaut}
61%
1986 Je hais les acteurs Un prisonnier Aucun Gérard {Depardieu}
61%
1972 Il était une fois un flic Un quidam qui cherche un autre quidam Aucun Alain {Delon}
56%
1997 Les soeurs Soleil Un spectateur Aucun Christian {Clavier}
56%
2003 Ripoux 3 Un passant Réalisateur Claude {Zidi}
56%
1984 Pinot, simple flic Voyageur Aucun Patrice {Leconte}
56%
2001 Les Rois mages Un passant Producteur Claude {Berri}
50%
1982 Pour 100 briques t'as plus rien... Vendeur de journaux Réalisateur Edouard {Molinaro}
50%
1997 Didier Un voyageur dans l'aéroport Producteur Claude {Berri}
44%
2001 Belphégor, le fantôme du Louvre Une femme dans un cimetière A joué le rôle-titre précédemment Juliette {Gréco}
44%
1984 Les nuits de la pleine lune Une invitée dans une soirée dansante On entend une de ses chansons Elli {Medeiros}
39%
1984 Pinot, simple flic Voyageur Aucun Jean-Marie {Poiré}
39%
2007 99 francs Une apparition lors d'un bad trip Auteur du roman Frédéric {Beigbeder}
33%
1997 Les soeurs Soleil Un spectateur Aucun Jean {Reno}
33%
2006 Jean Philippe Un sosie de Johnny Hallyday Joue dans Podium Benoît {Poelvoorde}
28%
1964 Le gendarme de Saint-Tropez Vendeur Réalisateur Jean {Girault}
22%
1972 Les Charlots font l'Espagne Vacancier Réalisateur Jean {Girault}
22%
1985 Tranches de vie Un pilote d'avion Aucun Pierre {Richard}
22%
1966 Paris Brûle-t-il ? Un résistant abattu Aucun Patrick {Dewaere}
11%
2005 Avida Un zoophile Aucun Claude {Chabrol}
6%
1976 Un enfant dans la foule Un passant Réalisateur Gérard {Blain}
6%
1966 Paris Brûle-t-il ? Un résistant abattu Aucun Michel {Sardou}
6%
Aucun quiz correspondant
Distribution des résultats
% des personnes avec chaque résultat
Percentile par nombre de réponses
Votre historique - résultats
Vous n’avez pas pris ce quiz